| 000 | 01250nam a22002895a 4500 | ||
|---|---|---|---|
| 003 | EG-ScBUE | ||
| 005 | 20220718092740.0 | ||
| 008 | 161020s2016 ua f b 000 0 ara d | ||
| 017 | _a2016 / 17899 | ||
| 020 | _a9789779042121 | ||
| 040 |
_aEG-ScBUE _bara _erda _cEG-ScBUE _dEG-ScBUE |
||
| 082 | 0 | 4 |
_a492.75 _bس ي د _222 |
| 100 | 1 |
_aسيد، محمد نادر عبد الحكيم، _eمؤلف. _940815 |
|
| 245 | 1 | 2 |
_aاللغة العربية وقواعدها. _n1 / _cدكتور محمد نادر عبد الحكيم السيد، أستاذ الدراسات اللغوية العربية، كلية اللغة والإعلام، الأكاديمية العربيةللعلوم والتكنولوجيا والنقل البحري. |
| 250 | _aالطبعة الأولى. | ||
| 264 | 3 |
_aالقاهرة : _bدار الهاني للطباعة، _c2016. |
|
| 300 |
_a197 صفحة ؛ _c24 سم |
||
| 336 |
_2rdacontent _aنص _btxt |
||
| 337 |
_2rdamedia _aبدون وسيط _bn |
||
| 338 |
_2rdacarrier _aمجلد _bnc |
||
| 504 | _aيشتمل على إرجاعات ببليوجرافية. | ||
| 650 | 7 |
_aاللغة العربية _xنحو _2BUEsh |
|
| 651 | _2BUEsh | ||
| 653 |
_bHHUUEENN _cOctober2016 |
||
| 655 |
_vText book _933728 |
||
| 942 | _2ddc | ||
| 999 |
_c22733 _d22705 |
||